000 00294 a2200121 4500
001 147504
040 _cEscola São Tomás de Aquino
100 _aMATA, Marta
240 1 0 _aO irmão do João sujinho
_lpor
245 1 0 _aO irmão do João sujinho
697 _a*LITERATURA INFANTIL
942 _cBK
999 _c147504
_d147504